00454 2200181 4500001002100000005001500021008004100036020002200077035001900099041000700118082000800125090001400133100001500147245003600162260003000198300002400228650002000252INLIS00000000000420220241224112851241224||||||||| | ||| |||| || |  a978-979-795-607-3 0010-1224004202 aid0 a813 a813 AKU a0 a@aku_jujur00aAku Jujur : Perasaan Hati No. 1 aJakartabWahyuMediac2012 aiv, 220 hlm.; 20 cm 0aFiksi Indonesia